[Event "Titled Tuesday intern op 06th July"]
[Site "Chess.com INT"]
[Date "2021.07.06"]
[Round "11"]
[White "Guevara Sanchez, Erick Marvin"]
[Black "Vaidya, Atulya"]
[Result "1-0"]
[WhiteElo "2173"]
[BlackElo "2154"]
[PlyCount "43"]
[EventDate "2021.07.06"]
[EventType "swiss (blitz)"]
[EventRounds "11"]
[EventCountry "USA"]
[SourceTitle "EXT 2022"]
[Source "ChessBase"]
[SourceDate "2021.10.06"]
[SourceVersion "1"]
[SourceVersionDate "2021.10.06"]
[SourceQuality "1"]

1. e4 c6 2. d4 d5 3. f3 Qb6 4. Nc3 e5 5. Be3 Qxb2 6. Nge2 Bb4 7. Bd2 exd4 8. Rb1 Qa3 9. Rb3 Qa5 10. Rxb4 Qxb4 11. Nxd5 Qc5 12. Nc7+ Kd8 13. Nxa8 Nf6 14. Nxd4 Bd7 15. Bf4 Na6 16. Bxa6 bxa6 17. Nc7 Ke7 18. Qd2 Nh5 19. Bg5+ f6 20. Be3 Qd6 21. Nxa6 c5 22. Nxc5 1-0

[Event "Titled Tuesday intern op 06th July"]
[Site "Chess.com INT"]
[Date "2021.07.06"]
[Round "8"]
[White "Vaidya, Atulya"]
[Black "Ashiev, Eduard"]
[Result "0-1"]
[WhiteElo "2154"]
[BlackElo "2202"]
[PlyCount "54"]
[EventDate "2021.07.06"]
[EventType "swiss (blitz)"]
[EventRounds "11"]
[EventCountry "USA"]
[SourceTitle "EXT 2022"]
[Source "ChessBase"]
[SourceDate "2021.10.06"]
[SourceVersion "1"]
[SourceVersionDate "2021.10.06"]
[SourceQuality "1"]

1. d4 d6 2. c4 e5 3. e3 Be7 4. Nc3 f5 5. g3 Nf6 6. Bg2 c6 7. Nge2 0-0 8. 0-0 e4 9. d5 c5 10. f3 exf3 11. Bxf3 Nbd7 12. b3 Ne5 13. Bb2 Nxf3+ 14. Rxf3 Ng4 15. Qc2 Bf6 16. Re1 Qe7 17. Nd1 Bxb2 18. Qxb2 Ne5 19. Rff1 Nd3 20. Qd2 Nxe1 21. Rxe1 Bd7 22. Nf2 Rae8 23. Nc3 Qf6 24. Kg2 Re7 25. e4 fxe4 26. Nfxe4 Qf3+ 27. Kg1 Bh3 0-1

[Event "Titled Tuesday intern op 01st June"]
[Site "Chess.com INT"]
[Date "2021.06.01"]
[Round "1"]
[White "Vaidya, Atulya"]
[Black "Dang, Hoang Son"]
[Result "0-1"]
[WhiteElo "2154"]
[BlackElo "2363"]
[PlyCount "64"]
[EventDate "2021.06.01"]
[EventType "swiss (blitz)"]
[EventRounds "11"]
[EventCountry "USA"]
[SourceTitle "CBM 202 Extra"]
[Source "ChessBase"]
[SourceDate "2021.07.31"]
[SourceVersion "1"]
[SourceVersionDate "2021.07.31"]
[SourceQuality "1"]

1. d4 Nf6 2. c4 g6 3. Nc3 Bg7 4. e4 0-0 5. Be2 d6 6. Be3 e5 7. Nf3 exd4 8. Nxd4 Re8 9. f3 c6 10. Bf2 d5 11. exd5 cxd5 12. c5 Nc6 13. 0-0 Nh5 14. Bb5 Bd7 15. Rc1 Nf4 16. Nde2 Nxe2+ 17. Nxe2 Bxb2 18. Rb1 Bg7 19. Qxd5 Bf5 20. Rbd1 Qa5 21. Bc4 Ne5 22. Bb3 Be6 23. Qxb7 Rab8 24. Qe4 Rb4 25. Qc2 Bxb3 26. axb3 Nc6 27. Be1 Qb5 28. Rf2 Rxb3 29. Nc1 Rb2 30. Qd3 Qxc5 31. Kh1 Rxe1+ 32. Rxe1 Qxf2 0-1

[Event "Titled Tuesday intern op 01st June"]
[Site "Chess.com INT"]
[Date "2021.06.01"]
[Round "6"]
[White "Vaidya, Atulya"]
[Black "Kanyamarala, Trisha"]
[Result "1-0"]
[WhiteElo "2154"]
[BlackElo "2180"]
[PlyCount "115"]
[EventDate "2021.06.01"]
[EventType "swiss (blitz)"]
[EventRounds "11"]
[EventCountry "USA"]
[SourceTitle "CBM 202 Extra"]
[Source "ChessBase"]
[SourceDate "2021.07.31"]
[SourceVersion "1"]
[SourceVersionDate "2021.07.31"]
[SourceQuality "1"]

1. d4 Nf6 2. c4 e6 3. Nc3 Bb4 4. Qc2 d5 5. cxd5 exd5 6. Bg5 h6 7. Bh4 c5 8. e3 Nc6 9. Nf3 cxd4 10. exd4 0-0 11. Be2 Bg4 12. 0-0 Bxf3 13. Bxf3 Nxd4 14. Qd1 Bxc3 15. bxc3 Nf5 16. Bxf6 Qxf6 17. Qxd5 Rab8 18. Rfd1 b6 19. Rac1 Rfe8 20. g3 Rbd8 21. Qc6 Qg5 22. Bg2 Qe7 23. h4 Rxd1+ 24. Rxd1 Rd8 25. Rxd8+ Qxd8 26. Qd5 Qxd5 27. Bxd5 Kf8 28. Kg2 Ke7 29. Kf3 f6 30. Ke4 Nd6+ 31. Kd4 Kd7 32. Bf3 Nf5+ 33. Ke4 Nd6+ 34. Kd5 Nb5 35. Bg4+ Kc7 36. Kc4 Nd6+ 37. Kd4 Nb5+ 38. Kd3 Kd6 39. Be2 Nc7 40. Ke4 Ne6 41. Kf5 Nf8 42. g4 Ke7 43. f4 g6+ 44. Ke4 Nd7 45. g5 fxg5 46. hxg5 hxg5 47. fxg5 Nc5+ 48. Kd5 Kd7 49. Bd1 a5 50. Be2 Kc7 51. Ke5 Kd7 52. Kf6 Ne4+ 53. Kxg6 Nxc3 54. Bc4 b5 55. Bf7 Ke7 56. Kg7 Ne4 57. g6 b4 58. Bb3 1-0

[Event "Titled Tuesday intern op 25th May"]
[Site "Chess.com INT"]
[Date "2021.05.25"]
[Round "10"]
[White "Maksimenko, Viktor"]
[Black "Vaidya, Atulya"]
[Result "1-0"]
[WhiteElo "2239"]
[BlackElo "2154"]
[PlyCount "77"]
[EventDate "2021.05.25"]
[EventType "swiss (blitz)"]
[EventRounds "11"]
[EventCountry "USA"]
[SourceTitle "CBM 203 Extra"]
[Source "ChessBase"]
[SourceDate "2021.09.30"]
[SourceVersion "1"]
[SourceVersionDate "2021.09.30"]
[SourceQuality "1"]

1. d4 Nf6 2. c4 e6 3. Nf3 d5 4. g3 Bb4+ 5. Nbd2 0-0 6. Bg2 c5 7. 0-0 Nc6 8. cxd5 exd5 9. dxc5 Bxc5 10. Nb3 Be7 11. Nbd4 Bd7 12. Be3 Re8 13. Rc1 a6 14. Nxc6 bxc6 15. b3 Rc8 16. Bc5 Bxc5 17. Rxc5 Qe7 18. Rc2 c5 19. e3 Bb5 20. Re1 Red8 21. Qc1 Ne4 22. Rd1 c4 23. Nd4 Rb8 24. Bf1 cxb3 25. axb3 Bxf1 26. Kxf1 Qd7 27. Kg2 Ng5 28. h4 Qh3+ 29. Kg1 Ne4 30. Nc6 Ra8 31. Nxd8 Rxd8 32. Rxd5 Rf8 33. Qf1 Qe6 34. Rd4 Qe8 35. Qd3 Nf6 36. Rd2 h5 37. Rd8 Qc6 38. Rxf8+ Kxf8 39. Qd6+ 1-0

[Event "Titled Tuesday intern op 25th May"]
[Site "Chess.com INT"]
[Date "2021.05.25"]
[Round "5"]
[White "Vaidya, Atulya"]
[Black "Mikhailovsky, Vladimir"]
[Result "1-0"]
[WhiteElo "2154"]
[BlackElo "2216"]
[PlyCount "67"]
[EventDate "2021.05.25"]
[EventType "swiss (blitz)"]
[EventRounds "11"]
[EventCountry "USA"]
[SourceTitle "CBM 203 Extra"]
[Source "ChessBase"]
[SourceDate "2021.09.30"]
[SourceVersion "1"]
[SourceVersionDate "2021.09.30"]
[SourceQuality "1"]

1. d4 d5 2. c4 c6 3. cxd5 cxd5 4. Nf3 Nf6 5. Nc3 Nc6 6. Bf4 Bf5 7. e3 a6 8. Rc1 e6 9. Qb3 Bd6 10. Ne5 Na5 11. Qa4+ b5 12. Nxb5 axb5 13. Bxb5+ Kf8 14. Nd7+ Nxd7 15. Bxd6+ Ke8 16. 0-0 e5 17. Bc7 Nb7 18. Qb3 Qe7 19. Bxd7+ Qxd7 20. Qxb7 Rc8 21. a4 exd4 22. exd4 Be6 23. a5 f6 24. a6 Kf7 25. Bg3 Rxc1 26. Rxc1 Kg6 27. Rc7 Qa4 28. Rxg7+ Kf5 29. h3 h5 30. Qc7 Qxd4 31. a7 h4 32. Bd6 Ra8 33. Qc2+ Qe4 34. Qd1 1-0

[Event "Titled Tuesday intern op 25th May"]
[Site "Chess.com INT"]
[Date "2021.05.25"]
[Round "11"]
[White "Vaidya, Atulya"]
[Black "Mortazavi, Ali"]
[Result "0-1"]
[WhiteElo "2154"]
[BlackElo "2333"]
[PlyCount "62"]
[EventDate "2021.05.25"]
[EventType "swiss (blitz)"]
[EventRounds "11"]
[EventCountry "USA"]
[SourceTitle "CBM 203 Extra"]
[Source "ChessBase"]
[SourceDate "2021.09.30"]
[SourceVersion "1"]
[SourceVersionDate "2021.09.30"]
[SourceQuality "1"]

1. d4 Nf6 2. c4 g6 3. Nc3 Bg7 4. e4 0-0 5. Nf3 d6 6. Be2 Bg4 7. Be3 Nbd7 8. Nd2 e5 9. Bxg4 Nxg4 10. Qxg4 exd4 11. Bxd4 Bxd4 12. 0-0 Bxc3 13. bxc3 Re8 14. Rfe1 Nc5 15. Rad1 Qf6 16. Qg3 Re7 17. f4 Rae8 18. Qf3 b6 19. Re3 Qg7 20. Rde1 f6 21. h4 a5 22. h5 g5 23. fxg5 Qxg5 24. Qf2 Kh8 25. Rg3 Qh6 26. Nf3 Nxe4 27. Rxe4 Rxe4 28. Nd4 Re1+ 29. Kh2 Qxh5+ 30. Rh3 Qe5+ 31. g3 c5 0-1

[Event "Titled Tuesday intern op 18th May"]
[Site "Chess.com INT"]
[Date "2021.05.18"]
[Round "2"]
[White "Nesterov, Arseniy"]
[Black "Vaidya, Atulya"]
[Result "1-0"]
[WhiteElo "2491"]
[BlackElo "2154"]
[PlyCount "75"]
[EventDate "2021.05.18"]
[EventType "swiss (blitz)"]
[EventRounds "11"]
[EventCountry "USA"]
[SourceTitle "CBM 202 Extra"]
[Source "ChessBase"]
[SourceDate "2021.07.31"]
[SourceVersion "1"]
[SourceVersionDate "2021.07.31"]
[SourceQuality "1"]

1. d4 Nf6 2. c4 e6 3. Nf3 d5 4. Nc3 Bb4 5. Qb3 Bxc3+ 6. Qxc3 0-0 7. Bg5 c6 8. e3 Nbd7 9. Bd3 h6 10. Bh4 Qb6 11. 0-0 Re8 12. b4 a5 13. a3 axb4 14. axb4 Rxa1 15. Rxa1 dxc4 16. Bxc4 Nd5 17. Qb3 Nb8 18. e4 Ne7 19. Bg3 Na6 20. Rb1 Bd7 21. h3 Rd8 22. Bh4 Re8 23. Qc3 Nc8 24. Ne5 Qc7 25. Qf3 Nd6 26. Bd3 Rf8 27. Bg3 Qd8 28. Qf4 Ne8 29. b5 cxb5 30. Qe3 Nf6 31. Nxd7 Qxd7 32. Bxb5 Qe7 33. Bd3 Rd8 34. Bh4 g5 35. Bxg5 hxg5 36. Qxg5+ Kf8 37. Qh6+ Kg8 38. e5 1-0

[Event "Titled Tuesday intern op 18th May"]
[Site "Chess.com INT"]
[Date "2021.05.18"]
[Round "7"]
[White "Vaidya, Atulya"]
[Black "Piesik, Piotr"]
[Result "0-1"]
[WhiteElo "2154"]
[BlackElo "2404"]
[PlyCount "70"]
[EventDate "2021.05.18"]
[EventType "swiss (blitz)"]
[EventRounds "11"]
[EventCountry "USA"]
[SourceTitle "CBM 202 Extra"]
[Source "ChessBase"]
[SourceDate "2021.07.31"]
[SourceVersion "1"]
[SourceVersionDate "2021.07.31"]
[SourceQuality "1"]

1. d4 c5 2. d5 e5 3. c4 d6 4. Nc3 Be7 5. g3 Bg5 6. Bg2 Bxc1 7. Rxc1 Ne7 8. e4 0-0 9. Nge2 Nd7 10. 0-0 f5 11. exf5 Nxf5 12. Ne4 Nf6 13. Nxf6+ Qxf6 14. Nc3 Nd4 15. Ne4 Qg6 16. f4 exf4 17. gxf4 Bh3 18. Ng3 Bxg2 19. Kxg2 Rae8 20. Rf2 Re3 21. Kh1 Rfe8 22. Qd2 Rd3 23. Qa5 h5 24. f5 Qg5 25. Rg1 Nf3 26. Rgg2 Re1+ 27. Nf1 Qc1 28. Rxg7+ Kxg7 29. Qc7+ Kh6 30. Qxd6+ Kg5 31. Qg6+ Kf4 32. Kg2 Rxf1 33. Rxf1 Rd2+ 34. Rf2 Rxf2+ 35. Kxf2 Qe1+ 0-1

[Event "Titled Tuesday intern op 11th May"]
[Site "Chess.com INT"]
[Date "2021.05.11"]
[Round "8"]
[White "Vaidya, Atulya"]
[Black "Tejedor Fuente, Enrique"]
[Result "0-1"]
[WhiteElo "2154"]
[BlackElo "2440"]
[PlyCount "60"]
[EventDate "2021.05.11"]
[EventType "swiss (blitz)"]
[EventRounds "11"]
[EventCountry "USA"]
[SourceTitle "CBM 202 Extra"]
[Source "ChessBase"]
[SourceDate "2021.07.31"]
[SourceVersion "1"]
[SourceVersionDate "2021.07.31"]
[SourceQuality "1"]

1. d4 c5 2. d5 b5 3. a4 b4 4. e4 d6 5. b3 Nf6 6. Bd3 e6 7. dxe6 fxe6 8. Bb2 e5 9. Ne2 Be7 10. 0-0 0-0 11. Nd2 Nc6 12. Bc4+ Kh8 13. Bd5 Nxd5 14. exd5 Nd4 15. Nxd4 cxd4 16. Nc4 Bb7 17. f4 Bxd5 18. fxe5 Bxc4 19. Rxf8+ Qxf8 20. exd6 Bg5 21. Qxd4 Bf6 22. Qxc4 Bxb2 23. Rd1 a5 24. d7 Rd8 25. Qe6 Bf6 26. Rd5 Qe7 27. Qxe7 Bxe7 28. Rxa5 Rxd7 29. Ra8+ Rd8 30. Ra7 Bc5+ 0-1

[Event "Titled Tuesday intern op 16th Feb"]
[Site "Chess.com INT"]
[Date "2021.02.16"]
[Round "5"]
[White "Vaidya, Atulya"]
[Black "Trapeznikova, Darya"]
[Result "0-1"]
[WhiteElo "2154"]
[BlackElo "2065"]
[PlyCount "80"]
[EventDate "2021.02.16"]
[EventType "swiss (blitz)"]
[EventRounds "11"]
[EventCountry "USA"]
[SourceTitle "EXT 2022"]
[Source "ChessBase"]
[SourceDate "2021.10.06"]
[SourceVersion "1"]
[SourceVersionDate "2021.10.06"]
[SourceQuality "1"]

1. d4 f5 2. g3 d6 3. Bg2 Nf6 4. Nh3 g6 5. 0-0 Bg7 6. c4 0-0 7. Qb3 c6 8. Nc3 e5 9. c5+ Kh8 10. dxe5 dxe5 11. Bg5 Qe8 12. Rad1 Nbd7 13. Qa3 e4 14. Rd6 Qe5 15. Na4 Nd5 16. b4 N7f6 17. Rd1 Ng4 18. Bf4 Nxf4 19. Nxf4 g5 20. Nh5 Be6 21. Nxg7 Kxg7 22. Nc3 Rf7 23. h3 Nf6 24. b5 Nd5 25. Nxd5 Bxd5 26. bxc6 bxc6 27. Kh2 Rb8 28. f4 exf3 29. exf3 Rb2 30. Rg1 Rfb7 31. Qd3 Rxa2 32. f4 Qe4 33. Qxe4 Bxe4 34. Kh1 Rbb2 35. Rd7+ Kf8 36. Rgd1 Bxg2+ 37. Kg1 Bd5 38. Rxh7 gxf4 39. gxf4 Rg2+ 40. Kf1 Bc4+ 0-1

[Event "Titled Tuesday intern op 12th Jan"]
[Site "Chess.com INT"]
[Date "2021.01.12"]
[Round "9"]
[White "Gavilan Diaz, Mario"]
[Black "Vaidya, Atulya"]
[Result "1-0"]
[WhiteElo "2284"]
[BlackElo "2154"]
[PlyCount "69"]
[EventDate "2021.01.12"]
[EventType "swiss (blitz)"]
[EventRounds "11"]
[EventCountry "USA"]
[SourceTitle "CBM 200 Extra"]
[Source "ChessBase"]
[SourceDate "2021.03.31"]
[SourceVersion "1"]
[SourceVersionDate "2021.03.31"]
[SourceQuality "1"]

1. d4 Nf6 2. c4 g6 3. Nc3 Bg7 4. e4 d6 5. f4 0-0 6. Nf3 c5 7. d5 e6 8. Be2 exd5 9. cxd5 Re8 10. e5 dxe5 11. fxe5 Ng4 12. Bg5 Qb6 13. 0-0 Nxe5 14. d6 Bd7 15. Nd5 Nxf3+ 16. Bxf3 Bd4+ 17. Kh1 Qxd6 18. Bf4 Be5 19. Bxe5 Rxe5 20. Nf6+ Qxf6 21. Bxb7 Qh4 22. Bxa8 Rh5 23. Qd6 Nc6 24. Rxf7 Kxf7 25. Qxd7+ Ne7 26. Rf1+ Rf5 27. Rxf5+ gxf5 28. g3 Qb4 29. Bd5+ Kf6 30. Qe6+ Kg5 31. Qxe7+ Kg4 32. Qg7+ Kh5 33. Qxh7+ Kg4 34. Qg6+ Kh3 35. Qh5+ 1-0

[Event "Titled Tuesday intern op 12th Jan"]
[Site "Chess.com INT"]
[Date "2021.01.12"]
[Round "5"]
[White "Harsha, Bharathakoti"]
[Black "Vaidya, Atulya"]
[Result "1-0"]
[WhiteElo "2509"]
[BlackElo "2154"]
[PlyCount "103"]
[EventDate "2021.01.12"]
[EventType "swiss (blitz)"]
[EventRounds "11"]
[EventCountry "USA"]
[SourceTitle "CBM 200 Extra"]
[Source "ChessBase"]
[SourceDate "2021.03.31"]
[SourceVersion "1"]
[SourceVersionDate "2021.03.31"]
[SourceQuality "1"]

1. e4 c6 2. Nc3 d5 3. Nf3 Bg4 4. Be2 e6 5. d4 Nd7 6. h3 Bxf3 7. Bxf3 dxe4 8. Nxe4 Ngf6 9. 0-0 Nxe4 10. Bxe4 Nf6 11. Bf3 Be7 12. c3 0-0 13. Qe2 Qd7 14. Rd1 Rad8 15. Be3 Rfe8 16. c4 a6 17. Rd3 Qc7 18. Rad1 Qa5 19. b3 e5 20. dxe5 Qxe5 21. Qc2 Rxd3 22. Rxd3 Bc5 23. Bxc5 Qe1+ 24. Kh2 Qe5+ 25. g3 Qxc5 26. Qd2 g6 27. Kg2 Kg7 28. Qc3 h5 29. h4 Re6 30. Rd7 b5 31. Rc7 bxc4 32. Qxc4 Qa5 33. Ra7 Qxa2 34. Rxa6 Qd2 35. Rxc6 Rxc6 36. Qxc6 Qb2 37. Qb7 Ng4 38. Bxg4 hxg4 39. Qd5 Kh6 40. Qxf7 Qb1 41. Qf4+ Kg7 42. Qc4 Kh6 43. b4 Qd1 44. Qf4+ Kg7 45. Qe5+ Kh6 46. b5 Qf3+ 47. Kg1 Qd1+ 48. Kh2 Qf1 49. Qe3+ Kg7 50. b6 Qb1 51. Qd4+ Kh6 52. Qh8# 1-0

[Event "Titled Tuesday intern op 12th Jan"]
[Site "Chess.com INT"]
[Date "2021.01.12"]
[Round "6"]
[White "Necula, Iulian"]
[Black "Vaidya, Atulya"]
[Result "0-1"]
[WhiteElo "1890"]
[BlackElo "2154"]
[PlyCount "66"]
[EventDate "2021.01.12"]
[EventType "swiss (blitz)"]
[EventRounds "11"]
[EventCountry "USA"]
[SourceTitle "CBM 200 Extra"]
[Source "ChessBase"]
[SourceDate "2021.03.31"]
[SourceVersion "1"]
[SourceVersionDate "2021.03.31"]
[SourceQuality "1"]

1. f4 Nf6 2. Nf3 g6 3. g3 Bg7 4. Bg2 d6 5. 0-0 c6 6. d3 0-0 7. c3 Nbd7 8. e4 e5 9. f5 Nc5 10. b4 Na6 11. a4 gxf5 12. exf5 Bxf5 13. Nh4 Bg6 14. Bg5 h6 15. Nxg6 fxg6 16. Be3 d5 17. Qd2 Kh7 18. Na3 d4 19. cxd4 exd4 20. Bf4 Nd5 21. b5 Nc5 22. bxc6 bxc6 23. Rab1 Qd7 24. Nc4 Nxa4 25. Bd6 Rxf1+ 26. Rxf1 Ne3 27. Nxe3 dxe3 28. Qb4 c5 29. Bxc5 Nxc5 30. Qxc5 Bd4 31. Qc4 e2+ 32. Kh1 exf1Q+ 33. Bxf1 Rc8 0-1

[Event "Titled Tuesday intern op 12th Jan"]
[Site "Chess.com INT"]
[Date "2021.01.12"]
[Round "7"]
[White "Vaidya, Atulya"]
[Black "Ogloblin, Nikolay"]
[Result "0-1"]
[WhiteElo "2154"]
[BlackElo "2346"]
[PlyCount "100"]
[EventDate "2021.01.12"]
[EventType "swiss (blitz)"]
[EventRounds "11"]
[EventCountry "USA"]
[SourceTitle "CBM 200 Extra"]
[Source "ChessBase"]
[SourceDate "2021.03.31"]
[SourceVersion "1"]
[SourceVersionDate "2021.03.31"]
[SourceQuality "1"]

1. d4 c6 2. c4 d5 3. cxd5 e6 4. Nf3 exd5 5. Nc3 Bf5 6. Bg5 Qb6 7. Qc1 Nd7 8. e3 Ngf6 9. Be2 Bd6 10. 0-0 0-0 11. Bh4 Ne4 12. Nxe4 dxe4 13. Nd2 Qc7 14. Bg3 Bxg3 15. hxg3 Nf6 16. Qc2 Rfe8 17. Rac1 Qd6 18. Bc4 Rac8 19. Qb3 Qd7 20. f3 exf3 21. gxf3 Bg6 22. Kg2 b5 23. Be2 a6 24. Rfe1 Qd5 25. Qxd5 cxd5 26. Kf2 Bc2 27. Nb3 Bxb3 28. axb3 Kf8 29. Bd3 g6 30. Ke2 Ke7 31. Kd2 Kd6 32. e4 dxe4 33. fxe4 Kd7 34. Rcd1 Kc7 35. Rf1 Nxe4+ 36. Bxe4 Rxe4 37. Rxf7+ Kb6 38. Kd3 Rg4 39. Rxh7 Rxg3+ 40. Ke4 Re8+ 41. Kd5 Rxb3 42. Kd6 Rxb2 43. Kd7 Ree2 44. d5 Rbd2 45. Rxd2 Rxd2 46. d6 b4 47. Rh6 b3 48. Rxg6 b2 49. Kc8 b1Q 50. d7+ Qxg6 0-1

[Event "Titled Tuesday intern op 12th Jan"]
[Site "Chess.com INT"]
[Date "2021.01.12"]
[Round "4"]
[White "Vaidya, Atulya"]
[Black "Temirkanov, David"]
[Result "0-1"]
[WhiteElo "2154"]
[BlackElo "2282"]
[PlyCount "66"]
[EventDate "2021.01.12"]
[EventType "swiss (blitz)"]
[EventRounds "11"]
[EventCountry "USA"]
[SourceTitle "CBM 200 Extra"]
[Source "ChessBase"]
[SourceDate "2021.03.31"]
[SourceVersion "1"]
[SourceVersionDate "2021.03.31"]
[SourceQuality "1"]

1. d4 d5 2. c4 Nc6 3. cxd5 Qxd5 4. e3 e5 5. Nf3 Bg4 6. Nc3 Bb4 7. Bd2 Bxc3 8. bxc3 e4 9. c4 Qh5 10. d5 Ne5 11. Qa4+ Bd7 12. Qb3 exf3 13. Qxb7 Rc8 14. c5 fxg2 15. Bxg2 Nf3+ 16. Bxf3 Qxf3 17. Rg1 Bg4 18. Qa6 Nf6 19. Rg3 Qh1+ 20. Qf1 Qxf1+ 21. Kxf1 h5 22. h3 Bf5 23. Rxg7 Nxd5 24. Rg5 Be6 25. e4 Ne7 26. Bc3 Rg8 27. Rxh5 Bc4+ 28. Ke1 Rd8 29. f4 Rg2 30. Rh8+ Ng8 31. Bf6 Rd3 32. Rc1 Ba6 33. c6 Rf3 0-1

[Event "Titled Tuesday intern op 3rd Sept"]
[Site "Chess.com INT"]
[Date "2019.09.03"]
[Round "9"]
[White "Awatramani, Janak"]
[Black "Vaidya, Atulya"]
[Result "0-1"]
[WhiteElo "2213"]
[BlackElo "2157"]
[PlyCount "90"]
[EventDate "2019.09.03"]
[EventType "swiss (blitz)"]
[EventRounds "10"]
[EventCountry "USA"]
[SourceTitle "EXT 2021"]
[Source "ChessBase"]
[SourceDate "2020.10.23"]
[SourceVersion "1"]
[SourceVersionDate "2020.10.23"]
[SourceQuality "1"]

1. g3 g6 2. Bg2 Bg7 3. d3 d6 4. Nc3 Nf6 5. e4 0-0 6. f4 c5 7. h3 Nc6 8. g4 e5 9. f5 Nd4 10. g5 Nh5 11. f6 Bxf6 12. gxf6 Qxf6 13. Nf3 Ng3 14. Rg1 Be6 15. h4 Nxf3+ 16. Qxf3 Qxh4 17. Qf2 f5 18. exf5 Rxf5 19. Bf3 Rxf3 20. Qxf3 Ne4+ 21. Kd1 Bg4 22. Rxg4 Nf2+ 23. Ke2 Nxg4 24. Qd5+ Kh8 25. Qg2 Rf8 26. Be3 Nxe3 27. Kxe3 Qh6+ 28. Ke2 Qh5+ 29. Ke1 Qh4+ 30. Kd1 Rf2 31. Qg1 Qf4 32. Qe1 Qf3+ 33. Ne2 Rf1 34. Kd2 Rxe1 35. Rxe1 h5 36. Rg1 Kh7 37. Rg3 Qf5 38. Rg1 h4 39. Ke3 d5 40. c3 d4+ 41. cxd4 cxd4+ 42. Kd2 h3 43. Ke1 g5 44. Rf1 Qxd3 45. Rf6 h2 0-1

[Event "Titled Tuesday intern op 3rd Sept"]
[Site "Chess.com INT"]
[Date "2019.09.03"]
[Round "1"]
[White "Darini, Pouria"]
[Black "Vaidya, Atulya"]
[Result "1-0"]
[WhiteElo "2428"]
[BlackElo "2157"]
[PlyCount "69"]
[EventDate "2019.09.03"]
[EventType "swiss (blitz)"]
[EventRounds "10"]
[EventCountry "USA"]
[SourceTitle "EXT 2021"]
[Source "ChessBase"]
[SourceDate "2020.10.23"]
[SourceVersion "1"]
[SourceVersionDate "2020.10.23"]
[SourceQuality "1"]

1. e4 c6 2. d4 d5 3. e5 Bf5 4. Nf3 e6 5. Be2 Nd7 6. 0-0 Ne7 7. c3 Bg6 8. Nbd2 a6 9. b4 Nf5 10. Nb3 Be7 11. g4 Nh4 12. Nxh4 Bxh4 13. f4 Be4 14. Nd2 f5 15. exf6 Nxf6 16. g5 Nd7 17. Nxe4 dxe4 18. Qc2 Qe7 19. Qxe4 0-0-0 20. Bg4 h6 21. Qxe6 Qxe6 22. Bxe6 hxg5 23. fxg5 Rhf8 24. Bd2 Rde8 25. Rxf8 Rxf8 26. Rf1 Rxf1+ 27. Kxf1 Kc7 28. Kg2 Nf8 29. Bf4+ Kd8 30. Bf5 Be1 31. g6 Bxc3 32. Be5 Ke7 33. Bxg7 Ne6 34. Bxe6 Kxe6 35. d5+ 1-0

[Event "Titled Tuesday intern op 3rd Sept"]
[Site "Chess.com INT"]
[Date "2019.09.03"]
[Round "3"]
[White "Sosa, Tomas Sebastian"]
[Black "Vaidya, Atulya"]
[Result "1/2-1/2"]
[WhiteElo "2524"]
[BlackElo "2157"]
[PlyCount "89"]
[EventDate "2019.09.03"]
[EventType "swiss (blitz)"]
[EventRounds "10"]
[EventCountry "USA"]
[SourceTitle "EXT 2021"]
[Source "ChessBase"]
[SourceDate "2020.10.23"]
[SourceVersion "1"]
[SourceVersionDate "2020.10.23"]
[SourceQuality "1"]

1. e4 c6 2. Nf3 d5 3. exd5 cxd5 4. Ne5 Nf6 5. Bb5+ Bd7 6. Nxd7 Nbxd7 7. 0-0 e6 8. d4 Bd6 9. c3 0-0 10. Nd2 Rc8 11. f4 a6 12. Bd3 b5 13. a3 Qc7 14. g3 Nb6 15. Nf3 Nc4 16. Qe2 a5 17. Ne5 b4 18. Rf3 Qb6 19. Kg2 bxa3 20. bxa3 Rc7 21. Rb1 Qa7 22. Bxc4 dxc4 23. f5 Bxe5 24. dxe5 Nd5 25. f6 Rb7 26. Rxb7 Qxb7 27. fxg7 Rd8 28. Qxc4 Rc8 29. Qh4 Rxc3 30. Qd8+ Kxg7 31. Qg5+ Kf8 32. Qd8+ Kg7 33. Rxc3 Nxc3+ 34. Kh3 Qf3 35. Qg5+ Kf8 36. Be3 Ne4 37. Qg4 Qxe3 38. Qh4 Nf2+ 39. Kg2 Qd2 40. Kf3 Nd3 41. Qd8+ Kg7 42. Qf6+ Kf8 43. Qd8+ Kg7 44. Qf6+ Kf8 45. Qd8+ 1/2-1/2

[Event "Titled Tuesday intern op 1st Aug"]
[Site "Chess.com INT"]
[Date "2017.08.01"]
[Round "1"]
[White "Zherebukh, Yaroslav"]
[Black "Vaidya, Atulya"]
[Result "1-0"]
[WhiteElo "2627"]
[BlackElo "2046"]
[PlyCount "99"]
[EventDate "2017.08.01"]
[EventType "swiss (blitz)"]
[EventRounds "10"]
[EventCountry "USA"]
[SourceTitle "EXT 2021"]
[Source "ChessBase"]
[SourceDate "2020.10.23"]
[SourceVersion "1"]
[SourceVersionDate "2020.10.23"]
[SourceQuality "1"]

1. d4 Nf6 2. c4 g6 3. g3 d6 4. Bg2 c6 5. Nc3 Bg7 6. Nf3 0-0 7. 0-0 Qb6 8. c5 dxc5 9. Na4 Qc7 10. Nxc5 b6 11. Nd3 Bf5 12. Bf4 Qd8 13. Rc1 Be4 14. e3 Nd5 15. Bxb8 Rxb8 16. Nfe5 Bxg2 17. Kxg2 Bxe5 18. Nxe5 Nb4 19. a3 Na6 20. Nxc6 Qd5+ 21. Qf3 Qxf3+ 22. Kxf3 Rbe8 23. Nxa7 e5 24. dxe5 Rxe5 25. Nc6 Rb5 26. b4 f5 27. Nd4 Rd5 28. Rc6 Rb8 29. Rfc1 g5 30. h3 f4 31. gxf4 gxf4 32. Kxf4 Rf8+ 33. Ke4 Rdd8 34. f4 Nb8 35. Rxb6 Nd7 36. Rb7 Rde8+ 37. Kd3 Nf6 38. Rcc7 Ra8 39. Ra7 Rad8 40. b5 Rfe8 41. b6 Nd5 42. Rg7+ Kh8 43. Rxh7+ Kg8 44. Rhg7+ Kh8 45. Rg3 Nxb6 46. Rg5 Nd5 47. Re5 Rf8 48. Ra5 Nf6 49. Ke2 Nd7 50. Rh5+ 1-0